Loading...
| Science - Chemistry | 0 | 14 | 2 | 2 | 130 | 42 | 85.21 | 0 | 7 | 0.00 | 0.00 |
| Science - Biology | 0 | 12 | 4 | 0 | 100 | 17 | 74.92 | 3 | 7 | 0.00 | 0.00 |
| Science - Physics | 0 | 10 | 3 | 1 | 85 | 56 | 93.20 | 1 | 2 | 0.00 | 0.00 |
| Mythology | 0 | 5 | 0 | 0 | 50 | 50 | 67.00 | 4 | 4 | 0.00 | 0.00 |
| Literature - European | 0 | 5 | 1 | 0 | 45 | 93 | 108.20 | 1 | 1 | 0.00 | 0.00 |
| Literature - American | 0 | 4 | 0 | 0 | 40 | 88 | 107.50 | 0 | 0 | 0.00 | 0.00 |
| Fine Arts - Other | 0 | 4 | 0 | 0 | 40 | 62 | 89.25 | 1 | 3 | 0.00 | 0.00 |
| Literature - World | 0 | 5 | 2 | 0 | 40 | 82 | 109.40 | 1 | 1 | 0.00 | 0.00 |
| History - World | 0 | 4 | 2 | 1 | 30 | 61 | 95.75 | 1 | 2 | 0.00 | 0.00 |
| Social Science | 0 | 3 | 2 | 1 | 20 | 75 | 97.33 | 0 | 1 | 0.00 | 0.00 |
| Other Academic | 0 | 2 | 0 | 0 | 20 | 63 | 84.00 | 1 | 1 | 0.00 | 0.00 |
| Religion | 0 | 3 | 2 | 0 | 20 | 71 | 107.00 | 0 | 1 | 0.00 | 0.00 |
| Science - Other | 0 | 3 | 3 | 0 | 15 | 79 | 99.33 | 0 | 0 | 0.00 | 0.00 |
| Literature - British | 0 | 2 | 1 | 0 | 15 | 103 | 112.00 | 0 | 0 | 0.00 | 0.00 |
| Philosophy | 0 | 1 | 0 | 0 | 10 | 77 | 77.00 | 0 | 1 | 0.00 | 0.00 |
| Current Events | 0 | 1 | 0 | 0 | 10 | 133 | 133.00 | 0 | 0 | 0.00 | 0.00 |
| History - American | 0 | 1 | 0 | 0 | 10 | 118 | 118.00 | 0 | 0 | 0.00 | 0.00 |
| Painting & Sculpture | 0 | 1 | 1 | 0 | 5 | 73 | 73.00 | 0 | 1 | 0.00 | 0.00 |
| History - European | 0 | 0 | 1 | 0 | -5 | 0.00 | 0 | 0 | 0.00 | 0.00 | |
| Geography | 0 | 0 | 1 | 0 | -5 | 0.00 | 0 | 0 | 0.00 | 0.00 |